Southville International School and Colleges
Your cart is empty.
  • Cart
  • Lists
    Public lists Eva Luna New books Lux_list list_1
    Your lists Log in to create your own lists
  • Log in to your account
  • Your cookies
  • Search history
Southville International School and Colleges
  • Advanced search
  • Recent comments
  • Most popular
  • Libraries

Log in to your account

Log in with GOOGLE


If you do not have an external account, but do have a local account, you can still log in:

  1. Home
  2. MARC view: The Perfect storm :
Normal view MARC view ISBD view

The Perfect storm : (Record no. 35832)

[ view plain ]
MARC details
000 -LEADER
fixed length control field 01332cam a22003733a 4500
001 - CONTROL NUMBER
control field 12654608
003 - CONTROL NUMBER IDENTIFIER
control field OSt
005 - DATE AND TIME OF LATEST TRANSACTION
control field 20140311134811.0
008 - FIXED-LENGTH DATA ELEMENTS--GENERAL INFORMATION
fixed length control field 000807t20001997nyubfo 000 0 eng d
010 ## - LIBRARY OF CONGRESS CONTROL NUMBER
LC control number 2002553566
020 ## - INTERNATIONAL STANDARD BOOK NUMBER
International Standard Book Number 006101351X (pbk.) :
Terms of availability $6.99
035 ## - SYSTEM CONTROL NUMBER
System control number (OCoLC)ocm44735072
040 ## - CATALOGING SOURCE
Original cataloging agency WYE
Transcribing agency WYE
Modifying agency DLC
042 ## - AUTHENTICATION CODE
Authentication code lccopycat
050 00 - LIBRARY OF CONGRESS CALL NUMBER
Classification number QC 945
Item number .J95 1997
082 ## - DEWEY DECIMAL CLASSIFICATION NUMBER
Classification number M 974.45
Item number J95 1997
100 1# - MAIN ENTRY--PERSONAL NAME
Personal name Junger, Sebastian.
245 14 - TITLE STATEMENT
Title The Perfect storm :
Remainder of title a true story of men against the sea /
Statement of responsibility, etc Junger, Sebastian
246 10 - VARYING FORM OF TITLE
Title proper/short title Perfect storm
260 ## - PUBLICATION, DISTRIBUTION, ETC. (IMPRINT)
Place of publication, distribution, etc New York :
Name of publisher, distributor, etc HarperTorch,
Date of publication, distribution, etc 2000, c1997.
300 ## - PHYSICAL DESCRIPTION
Extent xv, 301 p., [4] leaves of plates :
Other physical details map, photos. ;
Dimensions 18 cm.
610 20 - SUBJECT ADDED ENTRY--CORPORATE NAME
Corporate name or jurisdiction name as entry element Andrea Gail (Boat).
650 #0 - SUBJECT ADDED ENTRY--TOPICAL TERM
Topical term or geographic name as entry element Northeast storms
Geographic subdivision New England.
650 #0 - SUBJECT ADDED ENTRY--TOPICAL TERM
Topical term or geographic name as entry element Natural disasters
Geographic subdivision New England
General subdivision History.
650 #0 - SUBJECT ADDED ENTRY--TOPICAL TERM
Topical term or geographic name as entry element Fisheries
Geographic subdivision New England
General subdivision History.
650 #0 - SUBJECT ADDED ENTRY--TOPICAL TERM
Topical term or geographic name as entry element Swordfish fishing
Geographic subdivision New England
General subdivision History.
650 #0 - SUBJECT ADDED ENTRY--TOPICAL TERM
Topical term or geographic name as entry element Gloucester (Mass.)
General subdivision Social life and customs.
710 2# - ADDED ENTRY--CORPORATE NAME
Corporate name or jurisdiction name as entry element Copyright Paperback Collection (Library of Congress)
Institution to which field applies DLC
856 42 - ELECTRONIC LOCATION AND ACCESS
Materials specified Publisher description
Uniform Resource Identifier <a href="http://www.loc.gov/catdir/description/hc043/2002553566.html">http://www.loc.gov/catdir/description/hc043/2002553566.html</a>
906 ## - LOCAL DATA ELEMENT F, LDF (RLIN)
a 0
b cbc
c copycat
d 2
e ncip
f 20
g y-genrareb
942 ## - ADDED ENTRY ELEMENTS (KOHA)
Source of classification or shelving scheme Library of Congress Classification
Koha item type Books
Call number prefix
Holdings
Withdrawn status Lost status Source of classification or shelving scheme Damaged status Home library Current library Shelving location Date acquired Total Checkouts Full call number Barcode Date last seen Copy number Price effective from Koha item type
    Library of Congress Classification   College Library College Library General Circulation Section 04/20/2012   QC 945 .J95 1997 C1488 05/15/2018 1 04/20/2012 Books

The Perfect storm :

APA

Junger S., Copyright Paperback Collection (Library of Congress), . (20001997). The Perfect storm. New York: HarperTorch.

Chicago

Junger Sebastian, Copyright Paperback Collection (Library of Congress), . 20001997. The Perfect storm. New York: HarperTorch.

Harvard

Junger S., Copyright Paperback Collection (Library of Congress), . (20001997). The Perfect storm. New York: HarperTorch.

MLA

Junger Sebastian, Copyright Paperback Collection (Library of Congress), . The Perfect storm. New York: HarperTorch. 20001997.

  • Place hold
  • Print
  • Cite
  • Add to your cart (remove)
  • Save record
    BIBTEX Dublin Core MARCXML MARC (non-Unicode/MARC-8) MARC (Unicode/UTF-8) MARC (Unicode/UTF-8, Standard) MODS (XML) RIS
  • More searches
    Search for this title in:
    Other Libraries (WorldCat) Other Databases (Google Scholar) Online Stores (Bookfinder.com) Open Library (openlibrary.org)

Exporting to Dublin Core...

SOUTHVILLE LIBRARY

Southville International School and Colleges Library

1281 Tropical Ave. Cor. Luxembourg St., BF Homes International, Las Pinas City

Tel. No. 8256374 / 252358 Loc. 117/146

Powered by Koha